Miery generalizovanej entropie

Lorenzova krivka a Giniho koeficient patria k základným mieram, ktoré sa používajú na meranie prímovej nerovnosti. Theilov index patrí do skupiny mier generalizovanej entropie.

Guardado en:
Detalles Bibliográficos
Autor principal: Labudová, Viera, 1958-
Formato: Capítulo de libro
Lenguaje:eslovaco
Materias:
Etiquetas: Agregar Etiqueta
Sin Etiquetas, Sea el primero en etiquetar este registro!

MARC

LEADER 00000naa a2200000 4500
001 0179752
005 20240502073045.1
041 0 |a slo 
044 |a SK 
245 1 0 |a Miery generalizovanej entropie  |c Viera Labudová 
520 |a Lorenzova krivka a Giniho koeficient patria k základným mieram, ktoré sa používajú na meranie prímovej nerovnosti. Theilov index patrí do skupiny mier generalizovanej entropie. 
610 2 0 |a entropia 
610 2 0 |a nerovnosť 
610 2 0 |a príjmy 
610 2 0 |a indexy 
100 1 |a Labudová, Viera, 1958-